000 00454nam a2200181Ia 4500
001 41010
005 20240114003401.0
007 ta
008 080201s g b000 u 903 u
041 _a903
082 _a311
_bSp 43 T
100 _aSpigel, Murray R .
245 0 _aProbability and Statistics /
_cMurray R Spigel.
_hTextual Documents
653 _aProbability and Statistics
653 _aG-Statistics
942 _2ddc
_cBK
999 _c40980
_d40980